000 00464nam a2200169Ia 4500
008 231217s9999 xx 000 0 und d
020 _a8178811677
041 _aEnglish
082 _a332.46 CHO;1 R
100 _aChowdary, Nagendra V ed.
245 0 _aMonetary and fiscal policies : reforms
260 _c2002
_bICFAI Press
_aHyderabad
300 _axiii, 196+A10
400 _aEconomy series
650 _aMonetary,fiscal,policies,reforms
942 _cAA
999 _c190745
_d190745